| 000 | 00607nam a2200181Ia 4500 | ||
|---|---|---|---|
| 008 | 100917s9999 xx 000 0 und d | ||
| 082 | _b40887 | ||
| 100 | _aरांगणेकर कुमुदिनी | ||
| 245 | _aपाण्याला लागली तहान | ||
| 260 |
_bबोरा ऍन्ड कंपनी _c1976 |
||
| 300 | _a116 | ||
| 365 | _b4 | ||
| 520 | _aकादंबरी | ||
| 630 | _aपाण्याला लागली तहान | ||
| 650 | _aकादंबरी | ||
| 730 | _aपाण्याला लागली तहान | ||
| 942 | _cBOOK | ||
| 999 |
_c646281 _d646278 |
||